LEADER 05158nam 22007455 450 001 996465904403316 005 20230406062153.0 024 7 $a10.1007/11534273 035 $a(CKB)1000000000213160 035 $a(SSID)ssj0000316181 035 $a(PQKBManifestationID)11285823 035 $a(PQKBTitleCode)TC0000316181 035 $a(PQKBWorkID)10262920 035 $a(PQKB)11248830 035 $a(DE-He213)978-3-540-31711-1 035 $a(MiAaPQ)EBC3068012 035 $a(PPN)123096502 035 $a(EXLCZ)991000000000213160 100 $a20100312d2005 u| 0 101 0 $aeng 135 $aurnn#008mamaa 181 $ctxt 182 $cc 183 $acr 200 10$aAlgorithms and Data Structures$b[electronic resource] $e9th International Workshop, WADS 2005, Waterloo, Canada, August 15-17, 2005, Proceedings /$fedited by Frank Dehne, Alejandro López-Ortiz, Jörg-Rüdiger Sack 205 $a1st ed. 2005. 210 1$aBerlin, Heidelberg :$cSpringer Berlin Heidelberg :$cImprint: Springer,$d2005. 215 $a1 online resource (XIV, 446 p.) 225 1 $aTheoretical Computer Science and General Issues,$x2512-2029 ;$v3608 300 $aBibliographic Level Mode of Issuance: Monograph 311 $a3-540-31711-2 311 $a3-540-28101-0 320 $aIncludes bibliographical references and index. 327 $aSession 1 -- Towards a Theory of Algorithms -- Session 2A -- k-Restricted Rotation with an Application to Search Tree Rebalancing -- Heap Building Bounds -- Session 2B -- The Multi-radius Cover Problem -- Parameterized Complexity of Generalized Vertex Cover Problems -- The Complexity of Implicit and Space Efficient Priority Queues -- Analysis of a Class of Tries with Adaptive Multi-digit Branching -- Balanced Aspect Ratio Trees Revisited -- Session 3B -- Improved Combinatorial Group Testing for Real-World Problem Sizes -- Parameterized Counting Algorithms for General Graph Covering Problems -- Approximating the Online Set Multicover Problems via Randomized Winnowing -- Session 4A -- Max-stretch Reduction for Tree Spanners -- Succinct Representation of Triangulations with a Boundary -- Line-Segment Intersection Made In-Place -- Session 4B -- Improved Fixed-Parameter Algorithms for Two Feedback Set Problems -- Communication-Aware Processor Allocation for Supercomputers -- Dynamic Hotlinks -- Session 6A -- The Minimum-Area Spanning Tree Problem -- Hinged Dissection of Polypolyhedra -- Session 6B -- Convex Recolorings of Strings and Trees: Definitions, Hardness Results and Algorithms -- Linear Time Algorithms for Generalized Edge Dominating Set Problems -- Session 7A -- On Geometric Dilation and Halving Chords -- Orthogonal Subdivisions with Low Stabbing Numbers -- Kinetic and Dynamic Data Structures for Convex Hulls and Upper Envelopes -- Session 7B -- Approximation Algorithms for Forests Augmentation Ensuring Two Disjoint Paths of Bounded Length -- A Dynamic Implicit Adjacency Labelling Scheme for Line Graphs -- The On-line Asymmetric Traveling Salesman Problem -- Session 8A -- All-Pairs Shortest Paths with Real Weights in O(n 3/log n) Time -- k-Link Shortest Paths in Weighted Subdivisions -- Power-Saving Scheduling for Weakly Dynamic Voltage Scaling Devices -- Session 8B -- Improved Approximation Algorithms for Metric Maximum ATSP and Maximum 3-Cycle Cover Problems -- On the Vehicle Routing Problem -- Session 9A -- The Structure of Optimal Prefix-Free Codes in Restricted Languages: The Uniform Probability Case -- Tradeoffs Between Branch Mispredictions and Comparisons for Sorting Algorithms -- Derandomization of Dimensionality Reduction and SDP Based Algorithms -- Session 9B -- Subquadratic Algorithms for 3SUM -- Near-Optimal Pricing in Near-Linear Time -- Improved Approximation Bounds for Planar Point Pattern Matching. 410 0$aTheoretical Computer Science and General Issues,$x2512-2029 ;$v3608 606 $aAlgorithms 606 $aArtificial intelligence?Data processing 606 $aComputer science?Mathematics 606 $aDiscrete mathematics 606 $aComputer graphics 606 $aNumerical analysis 606 $aAlgorithms 606 $aData Science 606 $aDiscrete Mathematics in Computer Science 606 $aComputer Graphics 606 $aNumerical Analysis 615 0$aAlgorithms. 615 0$aArtificial intelligence?Data processing. 615 0$aComputer science?Mathematics. 615 0$aDiscrete mathematics. 615 0$aComputer graphics. 615 0$aNumerical analysis. 615 14$aAlgorithms. 615 24$aData Science. 615 24$aDiscrete Mathematics in Computer Science. 615 24$aComputer Graphics. 615 24$aNumerical Analysis. 676 $a005.7/3 702 $aDehne$b Frank$4edt$4http://id.loc.gov/vocabulary/relators/edt 702 $aLópez-Ortiz$b Alejandro$4edt$4http://id.loc.gov/vocabulary/relators/edt 702 $aSack$b Jörg-Rüdiger$4edt$4http://id.loc.gov/vocabulary/relators/edt 906 $aBOOK 912 $a996465904403316 996 $aAlgorithms and Data Structures$91967417 997 $aUNISA LEADER 04229nam 22006375 450 001 9910373946603321 005 20250610110556.0 010 $a3-030-27492-6 024 7 $a10.1007/978-3-030-27492-4 035 $a(CKB)4940000000160295 035 $a(MiAaPQ)EBC6002547 035 $a(DE-He213)978-3-030-27492-4 035 $a(PPN)242848079 035 $a(MiAaPQ)EBC29090823 035 $a(iGPub)SPNA0062865 035 $a(EXLCZ)994940000000160295 100 $a20200101d2020 u| 0 101 0 $aeng 135 $aurcnu|||||||| 181 $ctxt$2rdacontent 182 $cc$2rdamedia 183 $acr$2rdacarrier 200 10$aExtemporaneous Ophthalmic Preparations /$fby Eman Ali Saeed Alghamdi, Abdulmalik Yahya Al Qahtani, Mazen M. Sinjab, Khalid Mohammed Alyahya 205 $a1st ed. 2020. 210 1$aCham :$cSpringer International Publishing :$cImprint: Springer,$d2020. 215 $a1 online resource (116 pages) 311 08$a3-030-27491-8 320 $aIncludes bibliographical references and index. 327 $aSection 1: Introduction to Extemporaneous Ophthalmic Preparations -- Chapter 1 Ocular Pharmacokinetics -- Chapter 2 Factors Affecting Bioavailability and Efficacy of Topical Eye Preparations -- Chapter 3 Ideal Characteristics of Ophthalmic Drug Delivery System -- Chapter 4 Inert Substances Used in the Proration of Ophthalmic Products -- Chapter 5 Preservatives Used in Ophthalmic Preparations -- Section 2: Extemporaneous Topical Ophthalmic Formulations -- Chapter 6 Topical Ophthalmic Drug Forms -- Chapter 7 Extemporaneous Compounding of Ophthalmic Products -- Chapter 8 American Society of Hospital Pharmacists (ASHP) Guidelines on Pharmacy-Prepared Ophthalmic Products -- Chapter 9 Formulations of Extemporaneous Topical Ophthalmic Preparations -- Chapter 10 Extemporaneous Ophthalmic Preparations in Ocular Oncology -- Section 3: Extemporaneous Intraocular Injections. Chapter 11 Extemporaneous Intravitreal Injections -- Chapter 12 Extemporaneous Intracameral Injections -- Chapter 13 Formulations of Extemporaneous Intraocular Injections -- Section 4: Extemporaneous Sub Conjunctival Injections -- Chapter 14 Equipment -- Chapter 15 Steps for subconjunctival injections -- Chapter 16 Formulations of Extemporaneous Intraocular Injections. 330 $aThis book provides a list of concise extemporaneous ophthalmic preparations, and standardizes the formulation of the products by suggesting specific strength, route of administration, appropriate vehicle, and method of preparation. Pharmaceutical industries have greatly expanded their share of ophthalmic drugs in recent years. However, physicians and pharmacists are frequently called to prepare sterile products intended for ophthalmic use due to lack of availability of licensed drugs in the market. This book contains the most appropriate formulation of each medication based on published and documented stability data. Extemporaneous Ophthalmic Preparations is the first book of its kind, making it a unique and valuable companion for many physicians and pharmacy practitioners who are frequently engaged in the compounding of sterile ophthalmic preparation. 606 $aOphthalmology 606 $aPharmacy 606 $aPharmacovigilance 606 $aPharmacology 606 $aOphthalmology 606 $aPharmacy 606 $aDrug Safety and Pharmacovigilance 606 $aPharmacology 615 0$aOphthalmology. 615 0$aPharmacy. 615 0$aPharmacovigilance. 615 0$aPharmacology. 615 14$aOphthalmology. 615 24$aPharmacy. 615 24$aDrug Safety and Pharmacovigilance. 615 24$aPharmacology. 676 $a617.7061 676 $a617.7061 700 $aAlghamdi$b Eman Ali Saeed$4aut$4http://id.loc.gov/vocabulary/relators/aut$0995898 702 $aAl Qahtani$b Abdulmalik Yahya$4aut$4http://id.loc.gov/vocabulary/relators/aut 702 $aSinjab$b Mazen M$4aut$4http://id.loc.gov/vocabulary/relators/aut 702 $aAlyahya$b Khalid Mohammed$4aut$4http://id.loc.gov/vocabulary/relators/aut 906 $aBOOK 912 $a9910373946603321 996 $aExtemporaneous Ophthalmic Preparations$92282126 997 $aUNINA